Catalog

Record Details

Catalog Search



Available copies

  • 2 of 2 copies available at LARL/NWRL Consortium.
  • 2 of 2 copies available at Lake Agassiz Regional Library. (Show preferred library)

Current holds

0 current holds with 2 total copies.

Show Only Available Copies
Location Call Number / Copy Notes Barcode Shelving Location Status Due Date
Breckenridge Public Library NOR (Text) 33500013077565 Main Available -
Moorhead Public Library NOR (Text) 33500013077557 Main Available -

Record details

  • ISBN: 031649156X
  • ISBN: 9780316491563
  • ISBN: 9780356513126
  • ISBN: 0356513122
  • Physical Description: 441 pages ; 21 cm
  • Edition: First edition.
  • Publisher: New York, NY, Orbit, 2019.

Content descriptions

General Note:
Simultaneously published in Great Britain and the U.S. by Orbit.
"This novel was originally published in three installments"--Back cover.
Includes reader's extras.
Formatted Contents Note:
The serpent -- The thief -- The master.
Summary, etc.:
"Everyone has heard of the Gameshouse. But few ... Read More
Subject: Gambling > Fiction.
Gamblers > Fiction.
Wagers > Fiction.
Genre: Thrillers (Fiction)
Novellas.
Science fiction.
Novellas.
Science fiction.
LDR 02369cam a2200529Ii 4500
001319699
003LARL_NWRL_CONSORTIUM
00520190606150355.0
008180910s2019 nyu e 000 1 eng d
040 . ‡aYDX ‡beng ‡cYDX ‡dBDX ‡dOCLCQ ‡dUKMGB ‡dGK8 ‡dOCLCF ‡erda ‡dIG$ ‡dGO6
015 . ‡aGBB940877 ‡2bnb
0167 . ‡a019280375 ‡2Uk
020 . ‡a031649156X ‡q(paperback)
020 . ‡a9780316491563 ‡q(paperback)
020 . ‡a9780356513126 ‡q(paperback)
020 . ‡a0356513122
020 . ‡z9780356513119 (ePub ebook)
035 . ‡a(OCoLC)1051134218
08204. ‡a823/.92 ‡223
1001 . ‡aNorth, Claire, ‡eauthor. ‡0(LARL_NWRL_CONSORTIUM)221378
24514. ‡aThe Gameshouse. ‡n#1-3 / ‡cClaire North.
2463 . ‡aGames-house
250 . ‡aFirst edition.
264 1. ‡aNew York, NY, ‡bOrbit, ‡c2019.
300 . ‡a441 pages ; ‡c21 cm
336 . ‡atext ‡btxt ‡2rdacontent
337 . ‡aunmediated ‡bn ‡2rdamedia
338 . ‡avolume ‡2rdacarrier
4900 . ‡aGameshouse ; ‡v1-3
500 . ‡aSimultaneously published in Great Britain and the U.S. by Orbit.
500 . ‡a"This novel was originally published in three installments"--Back cover.
500 . ‡aIncludes reader's extras.
50500. ‡tThe serpent -- ‡tThe thief -- ‡tThe master.
520 . ‡a"Everyone has heard of the Gameshouse. But few know all its secrets... It is the place where fortunes can be made and lost through chess, backgammon--every game under the sun. But those whom fortune favors may be invited to compete in the higher league, where the games played are of politics and nations, of economics and kings. It is a contest where capture the castle involves real castles and where hide-and seek takes place on the scale of a continent. Among those worthy of competing in the higher league, three unusually talented contestants play for the highest stakes of all---"-- ‡cProvided by publisher.
650 0. ‡aGambling ‡vFiction. ‡0(LARL_NWRL_CONSORTIUM)165393
650 0. ‡aGamblers ‡vFiction. ‡0(LARL_NWRL_CONSORTIUM)165388
650 0. ‡aWagers ‡vFiction.
655 7. ‡aThrillers (Fiction) ‡2lcgft
655 7. ‡aNovellas. ‡2lcgft
655 7. ‡aScience fiction. ‡2lcgft
655 7. ‡aNovellas. ‡2fast
655 7. ‡aScience fiction. ‡2fast
77608. ‡iebook version : ‡z9780356513119
905 . ‡uvanderl
901 . ‡a319699 ‡b ‡c319699 ‡tbiblio ‡soclc

Additional Resources